بڑی دیدی و مجھلی دیدی / (Record no. 107548)

MARC details
000 -LEADER
fixed length control field 00828nam a22002537a 4500
005 - DATE AND TIME OF LATEST TRANSACTION
control field 20170123162327.0
010 ## - LIBRARY OF CONGRESS CONTROL NUMBER
LC control number 313899
020 ## - INTERNATIONAL STANDARD BOOK NUMBER
Terms of availability 2.00
035 ## - SYSTEM CONTROL NUMBER
System control number 313899
037 ## - SOURCE OF ACQUISITION
Source of stock number/acquisition Cen Lib/Ret
040 ## - CATALOGING SOURCE
Original cataloging agency DPL
Language of cataloging UR
082 ## - DEWEY DECIMAL CLASSIFICATION NUMBER
Classification number ن
Item number چ ٹ ر
100 ## - MAIN ENTRY--PERSONAL NAME
Personal name چترجی، شرت چند
9 (RLIN) 73
245 ## - TITLE STATEMENT
Title بڑی دیدی و مجھلی دیدی /
Statement of responsibility, etc شرت چند چترجی
246 ## - VARYING FORM OF TITLE
Title proper/short title Badi didi va majhli didi /
Remainder of title by Sharat Chand Chatterji
260 ## - PUBLICATION, DISTRIBUTION, ETC. (IMPRINT)
Place of publication, distribution, etc نیی دہلی
Name of publisher, distributor, etc لاجپت رہے اینڈ سنز
270 ## - ADDRESS
City نیی دہلی
Address تاجران کتب اردو بازار
Postal code 110005
300 ## - PHYSICAL DESCRIPTION
Extent 152p.
Dimensions 18cm(Hb)
650 ## - SUBJECT ADDED ENTRY--TOPICAL TERM
Topical term or geographic name as entry element اردو ادب
9 (RLIN) 120023
650 ## - SUBJECT ADDED ENTRY--TOPICAL TERM
Topical term or geographic name as entry element اردو ناول
9 (RLIN) 547
650 ## - SUBJECT ADDED ENTRY--TOPICAL TERM
Topical term or geographic name as entry element Urdu literature
9 (RLIN) 120024
650 ## - SUBJECT ADDED ENTRY--TOPICAL TERM
Topical term or geographic name as entry element Urdu novel
9 (RLIN) 120025
942 ## - ADDED ENTRY ELEMENTS (KOHA)
Source of classification or shelving scheme Dewey Decimal Classification
Koha item type Urdu Bks
Classification part ن
Call number suffix چ ٹ ر
Holdings
Withdrawn status Lost status Damaged status Not for loan Home library Current library Date acquired Source of acquisition Cost, normal purchase price Total Checkouts Full call number Barcode Date last seen Copy number Cost, replacement price Price effective from Koha item type
        Central Library Central Library 08/01/2016 Cen Lib/Ret 2.00   ن چ ٹ ر 313899 08/01/2016 1 2.00 08/01/2016 Urdu Bks

© Delhi Public Library
Hit Counter
free hit counter